000 00568nam a2200229Ia 4500
003 OSt
005 20220918180516.0
006 a|||||r|||| 00| 0
007 ta
008 220917b |||||||| |||| 00| 0 eng d
024 _a22,701
037 _cTextual
040 _aARTS
_cARTS
_beng
041 _2eng
_aeng
082 _aO:3N075:1, K2
100 _aTaylor Samuel W.
_956415
245 0 _aMan with my face
260 _c1962
650 _aENGLISH LITERATURE
942 _hO:3N075:1, K2
_cTEXL
_2CC
999 _c161894
_d161894